| 000 | 00916nam a2200277 i 4500 | ||
|---|---|---|---|
| 003 | DO-SdBNP | ||
| 005 | 20230704155343.0 | ||
| 006 | a||||gr|||| 00| 0 | ||
| 007 | ta | ||
| 008 | 230704e2022 dr ac||| |||| 00| 0 spa d | ||
| 020 | _a9789945180640 | ||
| 040 |
_aDO-SdBNP _bspa _cBNPHU _erda |
||
| 082 | 4 |
_222 _bC322s 2022 |
|
| 100 | 1 |
_911382 _aCartagena, Elvis D., _d1965- |
|
| 245 | 1 | 3 |
_aLa sabiduría es eterna: _bbiografía y frases celebres de todos los tiempos. / _cElvis D. Cartagena |
| 250 | _a3a. edición | ||
| 264 | 1 |
_aSanto Domingo : _bEmanuel, _c2022 |
|
| 300 |
_a88 páginas : _bilustraciones, retratos ; _c22 cm |
||
| 336 |
_2rdaconten _atexto _btxt |
||
| 337 |
_2rdamedia _asin medición _bn |
||
| 338 |
_2rdacarrier _avolumen _bnc |
||
| 500 | _aIncluye datos biográficos del autor en la contracubierta | ||
| 504 | _aBibliografía: página 87 | ||
| 590 | _aInventariado 2023 / MF | ||
| 942 |
_2ddc _cLBS1 |
||
| 999 |
_c54093 _d54093 |
||